Informačno-komunikačný systém pre inteligentný dopravný systém

Inteligentný dopravný systém a jeho komunikačné subsystémy. Požiadavky kladené na inteligentný komunikačný systém. Princíp klient - server a špecifickosť dopravného systému. Využitie princípu multicast - distribúcie. Technológie použité na realizáciu informačného komunikačného systému (IKS) v doprav...

Descripción completa

Guardado en:
Detalles Bibliográficos
Autor principal: Kršák, Emil
Otros Autores: Hrkút, Patrik, Matiaško, Karol
Formato: Capítulo de libro
Lenguaje:eslovaco
Materias:
Etiquetas: Agregar Etiqueta
Sin Etiquetas, Sea el primero en etiquetar este registro!

MARC

LEADER 00000naa$a2200000$$$4500
001 0020435
005 20230825085957.4
041 0 |a slo 
044 |a SK 
245 1 0 |a Informačno-komunikačný systém pre inteligentný dopravný systém  |c Emil Kršák, Patrik Hrkút, Karol Matiaško 
520 |a Inteligentný dopravný systém a jeho komunikačné subsystémy. Požiadavky kladené na inteligentný komunikačný systém. Princíp klient - server a špecifickosť dopravného systému. Využitie princípu multicast - distribúcie. Technológie použité na realizáciu informačného komunikačného systému (IKS) v doprave. Výhody využitia webových služieb. Pilotný projekt na testovanie IKS. 
610 2 0 |a doprava 
610 2 0 |a systémy informačné 
610 2 0 |a systémy informačné integrované 
610 2 0 |a projekty 
610 2 0 |a doprava integrovaná 
610 2 0 |a technológie informačné 
610 2 0 |a technológie komunikačné 
100 1 |a Kršák, Emil 
700 1 |a Hrkút, Patrik 
700 1 |a Matiaško, Karol